Introducció a l'ecologia del faig al Montseny / Terradas
ISBN:
8450504015
Descripción Física:
83 p. : il., [24] p. de làm. ; 24 cm
MARC
| LEADER | 00000nam a2200000Ia 4500 | ||
|---|---|---|---|
| 001 | 1628 | ||
| 008 | 160829s1984 xx 000 0 cat d | ||
| 017 | |a DL B-34730-1984 | ||
| 020 | |a 8450504015 | ||
| 080 | |a C-1-259 | ||
| 245 | |a Introducció a l'ecologia del faig al Montseny / Terradas |c Departament d' Ecologia, Universitat Autònoma de Barcelona ; edició a cura de Jaume | ||
| 260 | |a Barcelona : |b Diputació de Barcelona, Servei de Parcs Naturals, |c 1984 | ||
| 300 | |a 83 p. : |b il., [24] p. de làm. ; |c 24 cm | ||
| 650 | |a Faig |x Montseny |9 34573 | ||
| 650 | |a Ecologia |x Montseny |9 34574 | ||
| 700 | |a Terradas, Jaume |e editor |9 42431 | ||
| 700 | |a Universitat Autònoma de Barcelona. Departament d'Ecologia |9 34576 | ||
| 901 | |a Arxiu | ||
| 942 | |n 1 |2 udc | ||
| 952 | |0 0 |1 0 |4 0 |6 C1259 |7 1 |9 46570 |a Arxiu |b Arxiu |d 2016-12-01 |l 0 |o C-1-259 |p 1628 |r 2016-12-01 00:00:00 |w 2016-12-01 |y ARXIU | ||
| 952 | |0 0 |1 0 |4 0 |6 PDL |7 1 |9 63908 |a Arxiu |b Arxiu |d 2022-09-12 |l 0 |o PDL |p 26823 |r 2022-09-12 00:00:00 |w 2022-09-12 |y ARXIU | ||
| 999 | |c 50363 |d 50363 | ||